ნორმალური ფორმატი
MARC ფორმატი
ჩანაწერი Corporate Name
ჩანაწერთა რაოდენობა, რომელიც გამოყენებულია: 1
001 - CONTROL NUMBER
- control field: 25646
003 - CONTROL NUMBER IDENTIFIER
- control field: GE_BSU
005 - DATE AND TIME OF LATEST TRANSACTION
- control field: 20250714172031.0
008 - FIXED-LENGTH DATA ELEMENTS
- fixed length control field: 250714|| aca||aabn | a|a d
040 ## - CATALOGING SOURCE
- Original cataloging agency: GE_BSU
- Transcribing agency: GE_BSU
110 ## - HEADING--CORPORATE NAME
- Corporate name or jurisdiction name as entry element: ბიზნესის ადმინისტრირების, მენეჯმენტის და მარკეტინგის დარგობრივი დეპარტამენტი
670 ## - SOURCE DATA FOUND
- Source citation: Work cat.: (GE_BSU): მესხიძე, ზანდა 25644, სასურსათო საფრთხოებისა და კვების ინდუსტრიის კონკურენტუნარიანობის ამაღლების სტრატეგიები
